000 00990nam a2200253Ia 4500
001 Z_6056
008 220601s9999 xx 000 0 und d
020 _a950-555-250-5 / 0-8138-2980-1
082 _a636.0842 D38
100 _aDavis, Carl L.
_9183127
245 _aDesarrollo, nutrición y manejo del ternero joven / Carl L. Davis; coautor James K. Drackley; traducción Verónica Leibaschoff
260 _aArgentina : Editorial Intermédica
300 _axii, 314 p.
500 _aTraducción de la obra en inglés: The development, nutrition and management of the young calf.
503 _aej.1: C/E
504 _aIncluye bibliografía
650 _a1. Ganado bovino 2. Ternero 3. Anatomía general 4. Digestión 5. Alojamiento
_9183128
700 _aI. Drackley, James K., coat. II. Leibaschoff, Verónica, tr.Ì
_9183129
901 _a636.0842 D38
902 _aM
905 _a000000c2001 ag mn 0000000000spa00
942 _c1
999 _c217051
_d217051